| 000 | 00425cam a2200169ua 4500 | ||
|---|---|---|---|
| 020 | _c25.00 | ||
| 041 |
_amal _h |
||
| 082 |
_a894.8121 _bPUN/BH |
||
| 100 | _aPunam, Namboodiri . | ||
| 245 |
_aBhasha ramayana champu / _cPunam Namboodiri. _hTextual Documents |
||
| 260 |
_aThrissur : _bKerala Sahitya Academy , _c1967. |
||
| 300 | _a952 ; . | ||
| 365 | _a25.00 | ||
| 504 | _a | ||
| 942 | _cBK | ||
| 999 |
_c6510 _d6510 |
||